000
00286nam a2200121Ia 4500
008
190216s9999||||xx |||||||||||||| ||und||
100
_a
Kottayam Pushpanath
245
0
_a
Drakula Asiayil
260
_b
D C Books Kerala
_c
1967
300
_a
156
650
_a
Malayalam Novel
942
_c
BK
999
_c
27555
_d
27555